00869nam a2200253Ia 4500008004100000020002200041050001700063050001600080100003000096245001700126245006800143245005400211250001600265260001700281260002600298260000900324300001600333300001100349500004200360650002900402650004100431999001900472952012400491160418s9999 xx 000 0 und d a978-971-98-0093-4 aFIL DS 675.8 b.R5P37 2014 aPasigui, Ronnie Espergal. aJose Rizal : bthe man and the hero : chronicles, legacies and controversies / cRonnie Espergal Pasigui, Danilo Hipolito Cabalu / a2nd Edition aQuezon City: bC&E Publishing, Inc.  c2014 a366 pages : c22 cm. aIncludes bibliographical references.  aRizal, Jose, 1861-1896.  xPhilippines -- History -- 1812-1898. c293645d293645 001040aSMCbSMCcFILd2016-01-11g338.30l0oFIL DS 675.8 .R5P37 2014pSMC06037r2016-04-18 00:00:00w2016-04-18yBK